El ser, el hombre y la razón como fundamento de la moral y el derecho

Uloženo v:
Podrobná bibliografie
Hlavní autor: Morón Alcain, Eduardo (autor)
Médium: Kniha
Jazyk:španělština
Vydáno: Córdoba Alveroni 2006
Vydání:1a. ed
Témata:
Tagy: Přidat tag
Žádné tagy, Buďte první, kdo vytvoří štítek k tomuto záznamu!

MARC

LEADER 00000nam a2200000 a 4500
001 UCI4750
003 CL-VaPUC
008 080229e20060000AG |||||||||||||||||spa|d
020 |a 987114573X 
082 0 4 |a 340.1  |b MOR  |2 21 
100 |a Morón Alcain, Eduardo  |e autor  |9 526754 
245 1 3 |a El ser, el hombre y la razón como fundamento de la moral y el derecho 
250 |a 1a. ed 
300 |a 254 p 
942 |c BK 
945 |d 20080229 00:00:00  |a jtorresc 
260 |a Córdoba  |b Alveroni  |c 2006 
650 0 |a Filosofía del derecho   |9 255050 
650 0 |a Antropología filosófica  |9 265842 
650 7 |a DESARROLLO MORAL  |2 CL-VaPUC  |9 310605 
650 0 |a Ética  |9 255099 
583 |a last modification  |c 20080229 00:00:00  |k Rodrigo Vera 
999 |c 328596  |d 328594 
952 |0 0  |1 0  |4 0  |6 340_100000000000000_MOR_2006  |7 0  |8 A  |9 412575  |a BIBTEO  |b BIBTEO  |d 2019-11-22  |i 4408535  |o 340.1 MOR 2006  |p 4408535  |r 2025-01-17  |w 2019-11-22  |y BK  |k ICR